Resuscitace 3., rozšířené a doplněné vydání
Saved in:
| Main Author | |
|---|---|
| Other Authors | , , , , |
| Format | Electronic eBook |
| Language | Czech |
| Published |
Grada
2026
|
| Edition | 1. elektronické vydání |
| Subjects | |
| Online Access | Dostupné v BOOKPORT po přihlášení pomocí eduID |
| ISBN | 978-80-271-8293-0 978-80-271-3822-7 |
| Physical Description | 1 online zdroj (384 stran) |
| LEADER | 00000nam a2200000 i 4500 | ||
|---|---|---|---|
| 001 | bkp13296 | ||
| 003 | CZ-prgp | ||
| 005 | 20260407112622.0 | ||
| 006 | m o d | ||
| 007 | cr cn | ||
| 008 | 260407s2026 xr o 000 0 cze | ||
| 020 | |a 978-80-271-8293-0 |c 594 Kč |q (online ; pdf) | ||
| 020 | |a 978-80-271-3822-7 |c 711 Kč |q (print) | ||
| 040 | |a Grada |b cze |e rda | ||
| 100 | 1 | |a Michálek, Pavel | |
| 245 | 1 | 0 | |a Resuscitace |b 3., rozšířené a doplněné vydání |c Pavel Michálek, Tomáš Vymazal, Olga Klementová, pedagogů: kolektiv, Pavel Marcián, Bronislav Klementa |
| 250 | |a 1. elektronické vydání | ||
| 264 | 1 | |b Grada |c 2026 | |
| 300 | |a 1 online zdroj (384 stran) | ||
| 336 | |a text |b txt |2 rdacontent | ||
| 337 | |a počítač |b c |2 rdamedia | ||
| 338 | |a online zdroj |b cr |2 rdacarrier | ||
| 520 | 3 | |a Monografie Resuscitace ve svém novém a přepracovaném vydání přináší komplexní pohled na problematiku kardiopulmonální resuscitace, čerpá ze současných platných postupů Evropské resuscitační rady, které jsou každých pět let revidovány a aktualizovány. | |
| 650 | 0 | 4 | |a Anesteziologie, resuscitace, emergency |
| 700 | 1 | |a Tomáš Vymazal | |
| 700 | 1 | |a Olga Klementová | |
| 700 | 1 | |a pedagogů: kolektiv | |
| 700 | 1 | |a Pavel Marcián | |
| 700 | 1 | |a Bronislav Klementa | |
| 856 | 4 | 0 | |u https://www.bookport.cz/AccountSaml/SignIn/?idp=https://shibboleth.utb.cz/idp/shibboleth&returnUrl=/kniha/resuscitace-15904/ |y Dostupné v BOOKPORT po přihlášení pomocí eduID |